Obra escogida Ramón Rosa
Zapisane w:
| 1. autor: | |
|---|---|
| Kolejni autorzy: | |
| Format: | Nieznany |
| Język: | Spanish |
| Wydane: |
Tegucigalpa
Editorial Guaymuras
1980
|
| Seria: | Talanquera. Documentos y testimonios
|
| Hasła przedmiotowe: | |
| Etykiety: |
Dodaj etykietę
Nie ma etykietki, Dołącz pierwszą etykiete!
|
MARC
| LEADER | 000000000a22000000004500 | ||
|---|---|---|---|
| 001 | 000168 | ||
| 008 | 140429s1980 ho |||f |||| 01| 0bspa d | ||
| 041 | 0 | |a español | |
| 082 | |a 972.8 R788o | ||
| 100 | 1 | |a Rosa, Ramón |d 1848-1893 | |
| 245 | 1 | 0 | |a Obra escogida Ramón Rosa |c Ramón Rosa ; introducción, selección y notas de Marcos Carías |
| 260 | |a Tegucigalpa |b Editorial Guaymuras |c 1980 | ||
| 300 | |a 398 páginas | ||
| 490 | 0 | |a Talanquera. Documentos y testimonios | |
| 500 | |a número de inscripción 02655 | ||
| 600 | 4 | |a ROSA, RAMON, 1848-1893 |v BIOGRAFIA | |
| 650 | 4 | |a AMERICA CENTRAL |x HISTORIA |y 1821-1951 | |
| 650 | 4 | |a GOBERNANTES HONDUREÑOS |x HISTORIA | |
| 700 | 1 | 2 | |a Carías, Marcos |j introductor |
| 942 | |2 ddc |c BK | ||
| 999 | |c 1002 |d 1002 | ||
